| 000 | 00367nam a2200133Ia 4500 | ||
|---|---|---|---|
| 008 | 150202s9999 xx 000 0 und d | ||
| 020 | _a425163407 | ||
| 050 |
_aFIC _bFIC |
||
| 100 | _aCornwell, Patricia. | ||
| 245 |
_aUnnatural exposure / _cPatricia Cornwell. |
||
| 260 |
_aNew York : _bBerkley Books, _c1997. |
||
| 300 |
_a367 pages : _c18 cm. |
||
| 650 | _aFiction. | ||
| 999 |
_c282076 _d282076 |
||